| 000 | 00762nam a2200193Ia 4500 | ||
|---|---|---|---|
| 008 | 151121s9999||||xx |||||||||||||| ||und|| | ||
| 082 | _a915।4/मंगळ | ||
| 082 | _bHNW-75720 | ||
| 100 | _aमंगळवेढेकर राजा | ||
| 245 | _aआपला भारत-1 -प्रियतम भारत | ||
| 260 | _b"दिलीपराज प्रकाशन प्रा। लि।, पुणे।" | ||
| 260 | _c-- | ||
| 300 | _a92 | ||
| 600 | _aमंगळवेढेकर राजा | ||
| 630 | _aआपला भारत-1 -प्रियतम भारत | ||
| 700 | _aमंगळवेढेकर राजा | ||
| 730 | _aआपला भारत-1 -प्रियतम भारत | ||
| 942 | _cBOOK | ||
| 999 |
_c1257153 _d1257150 |
||